[Event "Puhajarve rap op 20th"]
[Site "Puhajarve"]
[Date "2019.11.30"]
[Round "17"]
[White "Kanep, Meelis"]
[Black "Porrasmaa, Timo"]
[Result "1-0"]
[WhiteElo "2445"]
[BlackElo "1965"]
[PlyCount "49"]
[EventDate "2019.11.29"]
[EventType "tourn (rapid)"]
[EventRounds "35"]
[EventCountry "EST"]
[SourceTitle "CBM 193 Extra"]
[Source "ChessBase"]
[SourceDate "2020.01.31"]
[SourceVersion "1"]
[SourceVersionDate "2020.01.31"]
[SourceQuality "1"]

1. d4 Nf6 2. Bg5 d5 3. e3 Bf5 4. c4 c6 5. Nc3 Nbd7 6. cxd5 Nxd5 7. Bd3 Bxd3 8. Qxd3 Qa5 9. Nf3 e6 10. 0-0 h6 11. Bh4 Nb4 12. Qd2 Qh5 13. e4 Be7 14. Bxe7 Kxe7 15. a3 Na6 16. d5 Rhe8 17. Rad1 Rad8 18. dxc6 Ne5 19. Qe3 Nxc6 20. b4 b5 21. e5 f6 22. Nxb5 Nxe5 23. Rxd8 Nxf3+ 24. Qxf3 Qxf3 25. Rxe8+ 1-0

[Event "Kuopio KSY op-A"]
[Site "Kuopio"]
[Date "2019.04.28"]
[Round "4"]
[White "Porrasmaa, Timo"]
[Black "Salmelin, Aaro"]
[Result "1/2-1/2"]
[WhiteElo "1980"]
[BlackElo "2025"]
[PlyCount "28"]
[EventDate "2019.04.27"]
[EventType "swiss"]
[EventRounds "5"]
[EventCountry "FIN"]
[SourceTitle "EXT 2021"]
[Source "ChessBase"]
[SourceDate "2020.10.23"]
[SourceVersion "1"]
[SourceVersionDate "2020.10.23"]
[SourceQuality "1"]

1. c4 Nf6 2. Nc3 c6 3. Nf3 d5 4. e3 e6 5. b3 g6 6. d4 Qa5 7. Bd2 Qc7 8. Bd3 Bg7 9. 0-0 0-0 10. Rc1 Nbd7 11. Re1 b6 12. cxd5 exd5 13. Nb5 Qb7 14. Nd6 Qc7 1/2-1/2

[Event "Helsinki MatSK op"]
[Site "Helsinki"]
[Date "2019.02.22"]
[Round "1"]
[White "Porrasmaa, Timo"]
[Black "Paasikangas Tella, Johanna"]
[Result "1-0"]
[WhiteElo "2017"]
[BlackElo "2211"]
[PlyCount "91"]
[EventDate "2019.02.22"]
[EventType "swiss"]
[EventRounds "7"]
[EventCountry "FIN"]
[SourceTitle "CBM 189 Extra"]
[Source "ChessBase"]
[SourceDate "2019.06.03"]
[SourceVersion "1"]
[SourceVersionDate "2019.06.03"]
[SourceQuality "1"]

1. c4 e5 2. Nc3 d6 3. Nf3 Nf6 4. e3 g6 5. d4 Nbd7 6. b4 Bg7 7. Bb2 0-0 8. Be2 Qe7 9. 0-0 e4 10. Nd2 Re8 11. Re1 c6 12. Qb3 Nb6 13. c5 Nbd5 14. Nc4 dxc5 15. bxc5 Nxc3 16. Qxc3 Be6 17. Nd6 Red8 18. Bc4 Bd5 19. Qb3 Rd7 20. Ba3 Bxc4 21. Nxc4 Ne8 22. Rab1 Qd8 23. Qc2 Qe7 24. Rb3 Rb8 25. Reb1 Qe6 26. Na5 Nf6 27. Nxb7 Bf8 28. Na5 Rbd8 29. Nc4 Rd5 30. Ne5 Nd7 31. Nc4 Rg5 32. Nd2 Nf6 33. Rb8 Qh3 34. g3 Rxb8 35. Rxb8 h5 36. Nxe4 Qf5 37. Nxf6+ Qxf6 38. Qe4 Kg7 39. Bb2 Rd5 40. Qf4 Qe7 41. e4 Rd8 42. d5+ f6 43. Bxf6+ Qxf6 44. Qxf6+ Kxf6 45. Rxd8 Bxc5 46. dxc6 1-0

[Event "Helsinki MatSK Weekend"]
[Site "Helsinki"]
[Date "2018.02.23"]
[Round "1"]
[White "Al Argha, Hisham"]
[Black "Porrasmaa, Timo"]
[Result "1/2-1/2"]
[WhiteElo "2199"]
[BlackElo "1992"]
[PlyCount "126"]
[EventDate "2018.02.23"]
[EventType "swiss"]
[EventRounds "7"]
[EventCountry "FIN"]
[SourceTitle "EXT 2019"]
[Source "ChessBase"]
[SourceDate "2018.10.10"]
[SourceVersion "1"]
[SourceVersionDate "2018.10.10"]
[SourceQuality "1"]

1. e4 c5 2. Nf3 g6 3. c3 Bg7 4. d4 cxd4 5. Nxd4 Nc6 6. Nb3 Nf6 7. N1d2 0-0 8. Be2 d5 9. exd5 Qxd5 10. 0-0 Rd8 11. Bf3 Qd6 12. Nc4 Qxd1 13. Rxd1 Rxd1+ 14. Bxd1 Bg4 15. Be3 Rd8 16. f3 Be6 17. Nca5 Nxa5 18. Nxa5 b6 19. Nc6 Rd7 20. Nd4 Bd5 21. Ba4 Rd8 22. Nc6 Bxc6 23. Bxc6 Rd6 24. Ba4 Nd5 25. Bf2 Bh6 26. Rd1 Kf8 27. Bb3 Ne3 28. Rxd6 exd6 29. g3 Ke7 30. f4 Ng4 31. Bd4 Nf6 32. Kg2 Bg7 33. Kf3 Ne8 34. Bf2 Nc7 35. g4 f5 36. h3 Bf6 37. a4 Ne6 38. a5 Nc5 39. axb6 axb6 40. Bc2 Ke6 41. b4 Nd7 42. Bb3+ d5 43. c4 dxc4 44. Bxc4+ Kd6 45. Be1 fxg4+ 46. hxg4 h5 47. g5 Bb2 48. Bd3 Nf8 49. Bf2 Ba3 50. b5 Bc5 51. Be1 Kd5 52. Bc3 Ke6 53. Bg7 Kf7 54. Bxf8 Bxf8 55. f5 gxf5 56. Bxf5 Bb4 57. Ke4 Bd2 58. g6+ Kf6 59. Kd5 Be3 60. Ke4 Bc5 61. Kf3 Bb4 62. Bd3 Bc3 63. Kg3 Kg5 1/2-1/2

[Event "Helsinki MatSK Weekend"]
[Site "Helsinki"]
[Date "2018.02.23"]
[Round "2"]
[White "Porrasmaa, Timo"]
[Black "Kivimaki, Kasper"]
[Result "0-1"]
[WhiteElo "1992"]
[BlackElo "1883"]
[PlyCount "28"]
[EventDate "2018.02.23"]
[EventType "swiss"]
[EventRounds "7"]
[EventCountry "FIN"]
[SourceTitle "EXT 2019"]
[Source "ChessBase"]
[SourceDate "2018.10.10"]
[SourceVersion "1"]
[SourceVersionDate "2018.10.10"]
[SourceQuality "1"]

1. d4 Nf6 2. Nf3 c5 3. e3 cxd4 4. exd4 d5 5. Bd3 Bg4 6. c3 Nc6 7. Bf4 Qb6 8. Nbd2 Qxb2 9. 0-0 Qxc3 10. Nb3 e6 11. h3 Bxf3 12. Qxf3 Be7 13. Rab1 Nxd4 14. Bb5+ Nxb5 0-1

[Event "Salo We Tomi Tocklin 50v"]
[Site "Salo"]
[Date "2018.02.17"]
[Round "4"]
[White "Westerinen, Heikki MJ"]
[Black "Porrasmaa, Timo"]
[Result "1-0"]
[WhiteElo "2309"]
[BlackElo "2018"]
[PlyCount "63"]
[EventDate "2018.02.??"]
[EventType "swiss"]
[EventRounds "7"]
[EventCountry "FIN"]
[SourceTitle "EXT 2022"]
[Source "ChessBase"]
[SourceDate "2021.10.06"]
[SourceVersion "1"]
[SourceVersionDate "2021.10.06"]
[SourceQuality "1"]

1. e4 c5 2. Nf3 g6 3. c3 Bg7 4. Bc4 e6 5. 0-0 Ne7 6. d4 cxd4 7. cxd4 d5 8. exd5 exd5 9. Bb5+ Bd7 10. Bxd7+ Nxd7 11. Nc3 0-0 12. Bg5 Nb6 13. Qb3 f6 14. Be3 Kh8 15. a4 Qd7 16. Rfc1 Rac8 17. Qb5 Rc6 18. b3 Rfc8 19. Qd3 a5 20. Bd2 Nf5 21. Ne2 Bh6 22. Bxh6 Nxh6 23. Qd2 Nf5 24. Qxa5 Nd6 25. h3 Ne4 26. Rxc6 Rxc6 27. Nd2 Qe7 28. Nxe4 Qxe4 29. Re1 Re6 30. Qd2 Nc8 31. Rc1 Ne7 32. Nf4 1-0

[Event "FIN-chT1B 1718"]
[Site "Finland"]
[Date "2018.02.03"]
[Round "6.6"]
[White "Mustelin, Juhani"]
[Black "Porrasmaa, Timo"]
[Result "0-1"]
[WhiteElo "1965"]
[BlackElo "2024"]
[PlyCount "66"]
[EventDate "2017.09.16"]
[EventType "team-tourn"]
[EventRounds "7"]
[EventCountry "FIN"]
[SourceTitle "EXT 2020"]
[Source "ChessBase"]
[SourceDate "2019.10.17"]
[SourceVersion "1"]
[SourceVersionDate "2019.10.17"]
[SourceQuality "1"]
[WhiteTeam "Tampere Tammer II"]
[BlackTeam "Joensuu SK"]
[WhiteTeamCountry "FIN"]
[BlackTeamCountry "FIN"]

1. d4 Nf6 2. c4 c5 3. d5 e5 4. Nc3 d6 5. e4 Nbd7 6. Bd3 Be7 7. Nge2 a6 8. a4 b6 9. Ng3 h5 10. Nf5 Bf8 11. Bg5 g6 12. Ne3 Be7 13. g3 Nf8 14. Ng2 Nxd5 15. Nxd5 Bxg5 16. 0-0 Bb7 17. f4 Bf6 18. Qf3 Bxd5 19. exd5 Nd7 20. Rae1 0-0 21. f5 Kg7 22. h4 Ra7 23. g4 Bxh4 24. fxg6 Bxe1 25. Qf5 Qf6 26. Qxh5 fxg6 27. Rxf6 gxh5 28. Rg6+ Kf7 29. Nxe1 e4 30. Bxe4 Nf6 31. Bf5 hxg4 32. Rh6 Kg7 33. Rh4 Rh8 0-1

[Event "FIN-chT1B 1617"]
[Site "Finland"]
[Date "2017.03.11"]
[Round "7.7"]
[White "Porrasmaa, Timo"]
[Black "Kakranen, Aapo"]
[Result "1-0"]
[WhiteElo "2007"]
[BlackElo "1892"]
[PlyCount "41"]
[EventDate "2016.09.17"]
[EventType "team-tourn"]
[EventRounds "7"]
[EventCountry "FIN"]
[SourceTitle "EXT 2019"]
[Source "ChessBase"]
[SourceDate "2018.10.10"]
[SourceVersion "1"]
[SourceVersionDate "2018.10.10"]
[SourceQuality "1"]
[WhiteTeam "Joensuu SK"]
[BlackTeam "Helsinki HSK II"]
[WhiteTeamCountry "FIN"]
[BlackTeamCountry "FIN"]

1. d4 d5 2. Nf3 Nf6 3. c4 c6 4. Qc2 e6 5. g3 Bd6 6. Bg2 0-0 7. 0-0 Nbd7 8. Nbd2 e5 9. cxd5 cxd5 10. dxe5 Nxe5 11. Nxe5 Bxe5 12. Nf3 Qd6 13. Rd1 Be6 14. Be3 Rfc8 15. Qd3 Bxb2 16. Rab1 Qa3 17. Qb5 Rc2 18. Ne1 Bf5 19. Nxc2 Bxc2 20. Bc5 Qa6 21. Qxb2 1-0

[Event "Helsinki We MatSK (std)"]
[Site "Helsinki"]
[Date "2017.02.26"]
[Round "7"]
[White "Porrasmaa, Timo"]
[Black "Blinov, Jurij"]
[Result "1-0"]
[WhiteElo "2016"]
[BlackElo "1983"]
[PlyCount "53"]
[EventDate "2017.02.24"]
[EventType "swiss"]
[EventRounds "7"]
[EventCountry "FIN"]
[SourceTitle "EXT 2022"]
[Source "ChessBase"]
[SourceDate "2021.10.06"]
[SourceVersion "1"]
[SourceVersionDate "2021.10.06"]
[SourceQuality "1"]

1. d4 Nf6 2. Nf3 g6 3. e3 Bg7 4. Be2 b6 5. b4 Bb7 6. 0-0 Ne4 7. Nfd2 Nxd2 8. Nxd2 e5 9. c3 a5 10. bxa5 bxa5 11. Rb1 Qc8 12. Ba3 Ba6 13. Nc4 Nc6 14. d5 Bxc4 15. dxc6 Bxe2 16. cxd7+ Qxd7 17. Qxe2 Qc6 18. Rb5 f6 19. Rc5 Qa4 20. Rxc7 Bf8 21. Bxf8 Rxf8 22. Rxh7 Qc6 23. Qg4 f5 24. Qh4 Rf7 25. Rh8+ Kd7 26. Rd1+ Kc7 27. Rxa8 1-0

[Event "FIN-chT1B 1617"]
[Site "Finland"]
[Date "2017.02.04"]
[Round "6.8"]
[White "Porrasmaa, Timo"]
[Black "Sjoman, Tapani"]
[Result "1/2-1/2"]
[WhiteElo "2007"]
[BlackElo "1958"]
[PlyCount "52"]
[EventDate "2016.09.17"]
[EventType "team-tourn"]
[EventRounds "7"]
[EventCountry "FIN"]
[SourceTitle "EXT 2019"]
[Source "ChessBase"]
[SourceDate "2018.10.10"]
[SourceVersion "1"]
[SourceVersionDate "2018.10.10"]
[SourceQuality "1"]
[WhiteTeam "Joensuu SK"]
[BlackTeam "Espoo MatSK II"]
[WhiteTeamCountry "FIN"]
[BlackTeamCountry "FIN"]

1. d4 Nf6 2. Nf3 g6 3. e3 Bg7 4. Be2 c5 5. c3 0-0 6. b4 d6 7. a4 a6 8. bxc5 dxc5 9. Ba3 cxd4 10. cxd4 Re8 11. 0-0 Nc6 12. Qb3 Be6 13. Qb2 Na5 14. Nfd2 Rb8 15. Nc3 Nd5 16. Nce4 b5 17. axb5 axb5 18. Bc5 Nc6 19. Rfc1 h6 20. Ra6 Bd7 21. Qb3 Nc7 22. Raa1 Be6 23. Qb2 Bf5 24. Bf3 Nd5 25. h3 Qd7 26. Ra6 Rec8 1/2-1/2

[Event "Jyvaskyla Winter Weekend A"]
[Site "Jyvaskyla"]
[Date "2017.01.??"]
[Round "4"]
[White "Porrasmaa, Timo"]
[Black "Paajala, Niki"]
[Result "1-0"]
[WhiteElo "2026"]
[BlackElo "1955"]
[PlyCount "124"]
[EventDate "2017.01.27"]
[EventType "swiss"]
[EventRounds "5"]
[EventCountry "FIN"]
[SourceTitle "EXT 2022"]
[Source "ChessBase"]
[SourceDate "2021.10.06"]
[SourceVersion "1"]
[SourceVersionDate "2021.10.06"]
[SourceQuality "1"]

1. d4 f5 2. Nc3 Nf6 3. Bg5 d5 4. Bxf6 exf6 5. e3 Be6 6. Nge2 Bd6 7. Nb5 Nc6 8. Nxd6+ Qxd6 9. Nf4 Bf7 10. Bd3 Nxd4 11. exd4 Qxf4 12. 0-0 0-0 13. c3 g6 14. Qb3 Qd6 15. Rfe1 b6 16. a4 a5 17. Bb5 Be8 18. Be2 Kg7 19. Bb5 Bd7 20. Re2 Rfe8 21. Rae1 Kf8 22. h4 Rxe2 23. Rxe2 Re8 24. Rxe8+ Kxe8 25. Bxd7+ Kxd7 26. Qc2 Qf4 27. Qb3 Qe4 28. g3 Qe6 29. Qd1 Qc6 30. Qf3 Qe6 31. h5 Qe4 32. Qd1 Qg4 33. Qb3 Kd6 34. hxg6 hxg6 35. Qa3+ Kd7 36. Qf8 f4 37. Qf7+ Kc8 38. Qg8+ Kb7 39. Qxd5+ Kc8 40. Qa8+ Kd7 41. Qe4 Qd1+ 42. Kg2 fxg3 43. Kxg3 Qh5 44. Qg4+ Qxg4+ 45. Kxg4 c5 46. Kf4 Kd6 47. Ke4 cxd4 48. cxd4 f5+ 49. Kf4 Kd5 50. Kg5 Kxd4 51. Kxg6 f4 52. Kf5 Kc4 53. Kxf4 Kb3 54. Ke3 Kxb2 55. f4 Kb3 56. f5 Kxa4 57. f6 b5 58. f7 b4 59. f8Q Ka3 60. Kd3 Kb3 61. Qf7+ Ka3 62. Kc2 Ka4 1-0

[Event "Viljandi Raud Memorial 50th"]
[Site "Viljandi"]
[Date "2016.07.04"]
[Round "8"]
[White "Porrasmaa, Timo"]
[Black "Petrov, Dmitri"]
[Result "0-1"]
[WhiteElo "2018"]
[BlackElo "2176"]
[PlyCount "78"]
[EventDate "2016.06.27"]
[EventType "swiss"]
[EventRounds "9"]
[EventCountry "EST"]
[SourceTitle "CBM 173 Extra"]
[Source "ChessBase"]
[SourceDate "2016.08.29"]
[SourceVersion "1"]
[SourceVersionDate "2016.08.29"]
[SourceQuality "1"]

1. d4 d5 2. Nf3 Nf6 3. c4 c6 4. Qc2 g6 5. Bf4 Bg7 6. e3 0-0 7. Nc3 Nbd7 8. h3 Nb6 9. b3 Be6 10. c5 Nbd7 11. Bd3 h6 12. b4 a6 13. a4 b6 14. Ne5 Nxe5 15. Bxe5 Nd7 16. Bxg7 Kxg7 17. 0-0 a5 18. b5 bxc5 19. bxc6 Nb8 20. Bb5 cxd4 21. Ne2 Qd6 22. Nxd4 Bc8 23. Qc3 Kg8 24. Rfd1 Qc7 25. Rac1 Na6 26. Bxa6 Bxa6 27. Nb5 Bxb5 28. axb5 e6 29. Qc5 Rfb8 30. e4 a4 31. exd5 exd5 32. Rxd5 a3 33. Rd7 Qa5 34. c7 Rc8 35. Qd5 Rf8 36. Qd4 a2 37. b6 Qa3 38. Rd1 Qb3 39. Rd8 Kh7 0-1

[Event "Viljandi Raud Memorial 50th"]
[Site "Viljandi"]
[Date "2016.06.27"]
[Round "1"]
[White "Porrasmaa, Timo"]
[Black "Meskovs, Nikita"]
[Result "0-1"]
[WhiteElo "2018"]
[BlackElo "2467"]
[PlyCount "62"]
[EventDate "2016.06.27"]
[EventType "swiss"]
[EventRounds "9"]
[EventCountry "EST"]
[SourceTitle "CBM 173 Extra"]
[Source "ChessBase"]
[SourceDate "2016.08.29"]
[SourceVersion "1"]
[SourceVersionDate "2016.08.29"]
[SourceQuality "1"]

1. d4 Nf6 2. Nf3 c5 3. c3 e6 4. Bg5 Nc6 5. e3 d5 6. Nbd2 Qb6 7. Bxf6 gxf6 8. Qb3 Bd7 9. e4 cxd4 10. exd5 exd5 11. cxd4 Nxd4 12. Nxd4 Qxd4 13. Bb5 Bb4 14. Bxd7+ Kxd7 15. Qa4+ Ke6 16. 0-0 Qxd2 17. a3 Bc5 18. Rad1 Qg5 19. Qb5 Kd6 20. b4 Bb6 21. a4 Rhg8 22. g3 d4 23. Qd3 a6 24. Qe4 Qd5 25. Qf4+ Kd7 26. Rd3 Rae8 27. Rc1 Rc8 28. Re1 Rge8 29. Red1 Rc6 30. Qg4+ Kc7 31. Qg7 Rce6 0-1

[Event "Espoo We MatSK A"]
[Site "Espoo"]
[Date "2016.02.27"]
[Round "2"]
[White "Porrasmaa, Timo"]
[Black "Demidov, Jan"]
[Result "0-1"]
[WhiteElo "2022"]
[BlackElo "2117"]
[PlyCount "42"]
[EventDate "2016.02.26"]
[EventType "swiss"]
[EventRounds "5"]
[EventCountry "FIN"]
[SourceTitle "EXT 2022"]
[Source "ChessBase"]
[SourceDate "2021.10.06"]
[SourceVersion "1"]
[SourceVersionDate "2021.10.06"]
[SourceQuality "1"]

1. d4 Nf6 2. Nf3 e6 3. e3 b6 4. Bd3 Bb7 5. 0-0 d5 6. c4 Nbd7 7. Nc3 Be7 8. b3 0-0 9. Bb2 c5 10. Qe2 cxd4 11. exd4 Rc8 12. Rac1 dxc4 13. bxc4 Bxf3 14. Qxf3 Qc7 15. Rfd1 Qb8 16. Re1 Bd6 17. Qh3 Rfd8 18. Rcd1 Nf8 19. Ba1 Ng6 20. g3 Bb4 21. d5 exd5 0-1